000 00527nam a2200193Ia 4500
005 20250508162611.0
008 008 250505s9999 xx 000 0 eng d
037 _aTextual
040 _aFEDL
_beng
_cFEDL
041 _aeng
_2eng
084 _a415, BRO
_qFEDL
100 _aBrown E K
245 0 _aSyntax: Generative grammar
260 _aLondon, UK
_bHutchinson and Co (Publishers) Ltd
_c1982
300 _a240p.
700 _a Miller J E
_9773560
942 _cTEXL
_h415, BRO
999 _c1377566
_d1377566